00918nam a22002657a 450000500170000001000140001702000260003103500130005703700130007008200120008324500870009526000400018227000610022230000270028350000500031065000280036065000210038865000290040970000260043870000090046470000090047394200260048299900170050895201270052520100803151845.0 aENG-97923 a9788178311807c600.00 aEN-81456 bDBAD/PUB a320.454 aFederal power sharing :cedited by Akhtar Majeedbaccommodating Indian diversity / aNew DelhibManak Publicationsc2009 aB-7, Saraswati Complex, Subhash ChowkbNew Delhie110092 avi, 219 p. c24cm (Hb) aIncludes bibliographical references and index aFedral government95328 aDemocracy 95329 aMulti culturallism95330 94162aMajeed, Akhtar  95167 95307 2ddccENh320.454mFED c39009d39009 001040718NFICaDBADbDBADd2010-08-03g600.00l0o320.454 FEDpEN-81456r2010-08-03 00:00:00t1v600.00w2010-08-03yEN